01210nab a22002537a 4500999001500000003000400015005001700019008004100036040000700077100002900084245012400113260007300237300001500310500007100325505014900396505008900545650003500634650002900669650002100698650003400719650005200753773013800805942001300943 c5670d5670OSt20251226221556.0190603e xxum|||| |||| 00| 0 spa d cPJ 96626a Rodrigo, Juan M. 13aLa inteligencia artificial : bsu impacto en los smart contracts y en la protección de datos /cJuan Manuel Rodrigo.  cCiudad Autónoma de Buenos Aires :aThomson Reuters La Ley, b2025. ap. 261-270 aCita: TR LALEY AR/DOC/1050/2025 Publicado en: RCCyC 2025 (junio). aSumario: I. Introducción. Planteo del problema.— II. Desarrollo.— III. Conclusión.— IV. Referencias bibliográficas complementarias.  t¿Te interesa el texto completo? Solicitalo al correo: koha@justierradelfuego.gov.ar 091497aCODIGO CIVIL Y COMERCIAL 09273aDERECHO INFORMATICO 093463aCONTRATOS  095817aINTELIGENCIA ARTIFICIAL 095718aLEY DE PROTECCION DE LOS DATOS PERSONALES0 0271393170dCiudad Autónoma de Buenos Aires : Thomson Reuters La Ley, 2015-tRevista Código Civil y Comercial. Nº 3 - Junio 2025 2udccANA